|
|
|
|
| LEADER |
00000nam0a2200000 4500 |
| 001 |
310996 |
| 005 |
20231102002337.0 |
| 010 |
|
|
|a 9785369007808
|
| 010 |
|
|
|a 978-5-16-003899-5
|
| 035 |
|
|
|a (RuTPU)RU\TPU\book\336351
|
| 035 |
|
|
|a RU\TPU\book\292925
|
| 090 |
|
|
|a 310996
|
| 100 |
|
|
|a 20151201d2016 m y0rusy50 ca
|
| 101 |
0 |
|
|a rus
|
| 102 |
|
|
|a RU
|
| 105 |
|
|
|a a j 001zy
|
| 200 |
1 |
|
|a Реклама
|e учебное пособие
|f В. Л. Музыкант
|
| 210 |
|
|
|a Москва
|c РИОР
|c Инфра-М
|d 2016
|
| 215 |
|
|
|a 201 с.
|c ил.
|
| 225 |
1 |
|
|a Высшее образование. Бакалавриат
|
| 225 |
1 |
|
|a Азбука рекламы
|
| 320 |
|
|
|a Библиогр.: с. 188-192.
|
| 330 |
|
|
|a Издание открывает новую серию книг, подготовленную в соответствии с Государственным образовательным стандартом высшего профессионального образования по специальности «Реклама», одним из авторов-разработчиков которого является профессор В.Л. Музыкант. Эта книга о рекламе — управляемом факторе маркетинга, занимающем ключевое место среди бизнес-коммуникаций. О том, как сделать эффективную рекламу при минимизированных затратах, приобрести новую целевую аудиторию, не потеряв при этом уже имеющихся лояльных потребителей. Книга будет полезна студентам, аспирантам, работникам рекламной индустрии и всем тем, кто хочет стать профессионалом в интереснейшем рекламном бизнесе.
|
| 606 |
1 |
|
|a Реклама
|2 stltpush
|3 (RuTPU)RU\TPU\subj\24860
|9 49135
|
| 610 |
1 |
|
|a рекламная деятельность
|
| 610 |
1 |
|
|a история
|
| 610 |
1 |
|
|a отечественная реклама
|
| 610 |
1 |
|
|a рекламные агенты
|
| 610 |
1 |
|
|a рекламный маркетинг
|
| 610 |
1 |
|
|a распространение
|
| 610 |
1 |
|
|a фокус-группы
|
| 610 |
1 |
|
|a мировой рынок
|
| 610 |
1 |
|
|a почтовые рассылки
|
| 610 |
1 |
|
|a выставки
|
| 610 |
1 |
|
|a ярмарки
|
| 610 |
1 |
|
|a презентации
|
| 610 |
1 |
|
|a рекламные кампании
|
| 610 |
1 |
|
|a Интернет
|
| 610 |
1 |
|
|a рекламная политика
|
| 610 |
1 |
|
|a учебные пособия
|
| 675 |
|
|
|a 659(075.8)
|v 3
|
| 700 |
|
1 |
|a Музыкант
|b В. Л.
|g Валерий Леонидович
|
| 801 |
|
1 |
|a RU
|b 63413507
|c 20140922
|
| 801 |
|
2 |
|a RU
|b 63413507
|c 20151203
|g RCR
|
| 900 |
|
|
|a Рекламное дело
|
| 900 |
|
|
|a Реклама и рекламная деятельность
|
| 900 |
|
|
|a Реклама и связи с общественностью в коммерческой сфере
|
| 942 |
|
|
|c BK
|
| 951 |
|
|
|b 080100
|b 031600
|l 8.1
|
| 955 |
|
|
|b 080100
|b 031600
|l 8.1
|
| 959 |
|
|
|a 130/20140919
|d 2
|e 299,90
|f ЧЗГЛ:1
|f АНЛ:1
|
| 959 |
|
|
|a 109/20150904
|d 3
|e 299,90
|f УФ:3
|